000 00291nam a2200133Ia 4500
008 231129s1979||||xx |||||||||||||| ||spa||
040 _bspa
082 _a190 B865e
100 _aBroekman Jan M.
245 0 _aEl estructuralismo
260 _c1979
264 _aHerder
942 _2ddc
_cBKS
999 _c11033
_d11033